[Event "Stuttgart-chB int"]
[Site "Ditzingen"]
[Date "2014.05.30"]
[Round "5"]
[White "Bausch, Raimund"]
[Black "Fischer, Reinhardt"]
[Result "0-1"]
[WhiteElo "1608"]
[BlackElo "1756"]
[PlyCount "90"]
[EventDate "2014.05.29"]
[EventType "swiss"]
[EventRounds "7"]
[EventCountry "GER"]
[SourceTitle "EXT 2015"]
[Source "ChessBase"]
[SourceDate "2014.11.20"]
[SourceVersion "1"]
[SourceVersionDate "2014.11.20"]
[SourceQuality "1"]

1. c4 Nf6 2. Nc3 d6 3. g3 g6 4. Bg2 Bg7 5. Nf3 0-0 6. 0-0 a6 7. d4 Nc6 8. Rb1 Bf5 9. Ra1 Qc8 10. d5 Na5 11. Nd2 b5 12. cxb5 axb5 13. Nxb5 Qb8 14. a4 Bd7 15. Nd4 Ra6 16. e3 c5 17. dxc6 Nxc6 18. Nxc6 Bxc6 19. Ra3 Bxg2 20. Kxg2 Nd5 21. Nc4 Qa8 22. Kg1 Rc8 23. b3 Nc3 24. Qd3 Qf3 25. Re1 Ne4 26. Qe2 Qxe2 27. Rxe2 Nc3 28. Re1 d5 29. Nd2 Ne2+ 30. Rxe2 Rxc1+ 31. Kg2 Rc2 32. Kf3 Bc3 33. Nb1 Rf6+ 34. Kg4 Rxe2 35. Nxc3 Rexf2 36. Nxd5 Re6 37. a5 Re5 38. Nb6 Rh5 39. h4 f5+ 40. Kh3 g5 41. g4 Rxh4+ 42. Kg3 Rhh2 43. gxf5 h5 44. Ra4 Rhg2+ 45. Kh3 h4 0-1

[Event "Stuttgart-chB int"]
[Site "Ditzingen"]
[Date "2012.05.19"]
[Round "6"]
[White "Bausch, Raimund"]
[Black "Hamm, Lukas"]
[Result "0-1"]
[WhiteElo "1559"]
[BlackElo "1890"]
[PlyCount "84"]
[EventDate "2012.05.17"]
[EventType "swiss"]
[EventRounds "7"]
[EventCountry "GER"]
[SourceTitle "EXT 2018"]
[Source "ChessBase"]
[SourceDate "2017.10.13"]
[SourceVersion "1"]
[SourceVersionDate "2017.10.13"]
[SourceQuality "1"]

1. c4 e6 2. Nc3 Nf6 3. g3 d5 4. cxd5 exd5 5. d4 c6 6. Bg2 Bd6 7. Nf3 0-0 8. 0-0 Re8 9. Re1 Bf5 10. Nh4 Bg6 11. Nxg6 hxg6 12. Bg5 Qa5 13. Bd2 Qb6 14. e3 Nbd7 15. Na4 Qd8 16. Nc3 Ne4 17. Nxe4 dxe4 18. Bc3 Nf6 19. Qc2 Qe7 20. h4 Nd5 21. Bd2 Qe6 22. Kh2 Re7 23. f3 f5 24. f4 Rc8 25. Bf1 c5 26. Bc4 b5 27. Bxd5 Qxd5 28. b3 Rec7 29. Ba5 Rc6 30. dxc5 Rxc5 31. Qd1 Rc2+ 32. Kg1 Qc5 33. a3 Qc6 34. Re2 Rxe2 35. Qxe2 Bxa3 36. Bd2 b4 37. Ra2 Rd8 38. Kf2 Rd3 39. Qd1 Qe6 40. Rxa3 bxa3 41. b4 Qa2 42. Ke1 Qxd2+ 0-1

[Event "Stuttgart-chB int"]
[Site "Ditzingen"]
[Date "2005.05.07"]
[Round "6"]
[White "Zimmermann, Tobias"]
[Black "Bausch, Raimund"]
[Result "1/2-1/2"]
[WhiteElo "1472"]
[BlackElo "1578"]
[PlyCount "80"]
[EventDate "2005.05.05"]
[EventType "swiss"]
[EventRounds "7"]
[EventCountry "GER"]
[SourceTitle "EXT 2018"]
[Source "ChessBase"]
[SourceDate "2017.10.13"]
[SourceVersion "1"]
[SourceVersionDate "2017.10.13"]
[SourceQuality "1"]

1. e4 c6 2. d4 d5 3. Nc3 dxe4 4. Nxe4 Bf5 5. Ng3 Bg6 6. Nf3 Nf6 7. Bd3 Bxd3 8. Qxd3 Qa5+ 9. c3 Qa6 10. Qc2 e6 11. c4 c5 12. 0-0 Nbd7 13. Bg5 cxd4 14. Nxd4 Rc8 15. b3 Bc5 16. Rad1 0-0 17. Ne4 Nxe4 18. Qxe4 Bxd4 19. Qxd4 Nc5 20. Be7 Nxb3 21. axb3 Rfe8 22. Rd3 Qa5 23. Rfd1 Rxe7 24. Qd8+ Qxd8 25. Rxd8+ Re8 26. Rxe8+ Rxe8 27. Rd7 Rb8 28. b4 g6 29. g4 h6 30. h4 Rc8 31. c5 b6 32. Rxa7 bxc5 33. b5 Rb8 34. Ra5 g5 35. hxg5 hxg5 36. b6 Rxb6 37. Rxc5 f6 38. Kg2 f5 39. Kf3 Kf7 40. Rc4 Kf6 1/2-1/2